000
00291nam a2200145Ia 4500
100
_a
Toth/Vicker
250
_a
2
942
_c
BK
654
_a
Computer
245
_a
Visuals C++ 5 Unleashed
260
_b
SAMS
_c
1997
082
_a
005.13'C++
_b
TOT
300
_a
1069
546
_a
ENGLISH
999
_c
20492
_d
20492